Diccionario alemán-español, español-alemán
में बचाया:
| मुख्य लेखक: | |
|---|---|
| स्वरूप: | पुस्तक |
| भाषा: | स्पेनिश जर्मन |
| प्रकाशित: |
Barcelona
Ramón Sopena
1974
|
| विषय: | |
| टैग: |
टैग जोड़ें
कोई टैग नहीं, इस रिकॉर्ड को टैग करने वाले पहले व्यक्ति बनें!
|
MARC
| LEADER | 00000nam a2200000 a 4500 | ||
|---|---|---|---|
| 001 | UCT3425 | ||
| 003 | CL-VaPUC | ||
| 008 | 961024e19740000SP |||||||||||||||||spa|d | ||
| 041 | 0 | 7 | |a spa |2 CL-VaPUC |
| 041 | 0 | 7 | |a ger |2 CL-VaPUC |
| 082 | 0 | 4 | |a 433.61 |b MAR |2 21 |
| 100 | |a Martínez Amador, Emilio María |e autor |9 557086 | ||
| 245 | 1 | 0 | |a Diccionario alemán-español, español-alemán |
| 246 | 1 | 0 | |a Deutsch-spanisches, spanisch-deutsches |
| 300 | |a 1616 p | ||
| 942 | |c BK | ||
| 945 | |d 19961024 00:00:00 |a lriquelm | ||
| 260 | |a Barcelona |b Ramón Sopena |c 1974 | ||
| 650 | 0 | |a Español |9 255372 | |
| 650 | 0 | |a Alemán |9 330722 | |
| 650 | 0 | |a Diccionarios |9 256200 | |
| 650 | 0 | |a Glosarios |9 261047 | |
| 583 | |a last modification |c 19961024 00:00:00 |k Rodrigo Vera | ||
| 999 | |c 253081 |d 253079 | ||
| 952 | |0 0 |1 0 |4 0 |6 433_610000000000000_MAR_1974 |7 0 |8 X |9 273569 |a BIBMAT |b BIBMAT |d 2019-11-19 |i 3279960 |o 433.61 MAR 1974 |p 3279960 |r 2025-01-07 |w 2019-11-19 |y BK_X |k MAT | ||